[Event "Novosibirsk"]
[Site "Novosibirsk"]
[Date "1993.??.??"]
[Round "6"]
[White "Vaisser, Anatoli"]
[Black "Ruban, Vadim"]
[Result "1/2-1/2"]
[WhiteElo "2555"]
[BlackElo "2595"]
[Annotator "Hansen,Cu"]
[PlyCount "120"]
[EventDate "1993.06.??"]
[EventType "tourn"]
[EventRounds "11"]
[EventCountry "RUS"]
[EventCategory "14"]
[SourceTitle "CBM 036"]
[Source "ChessBase"]
[SourceDate "1993.10.01"]
[SourceVersion "1"]
[SourceVersionDate "1993.10.01"]
[SourceQuality "1"]

1. d4 d5 2. c4 e6 3. Nc3 Nf6 4. cxd5 exd5 5. Bg5 c6 6. e3 Bf5 7. Qf3 Bg6 8.
Bxf6 Qxf6 9. Qxf6 gxf6 10. Kd2 (10. O-O-O Nd7 11. Bd3 O-O-O 12. Nf3 Nb6 13. g4
h5 14. g5 Bxd3 15. Rxd3 Be7 $10 {Lerner,K-Ree,H/Palma GMA-op/1989/}) (10. g3
Nd7 11. Bh3 Nb6 12. Nf3 Nc4 13. O-O-O Bb4 14. Nh4 a5 15. Bf5 Bxc3 16. bxc3 Nd6
$10 {Tal,M-Spassky,B/Sochi/1973/}) (10. Rd1 Nd7 11. Bd3 Nb6 12. Nge2 Kd7 13. e4
$6 dxe4 14. Bxe4 Re8 $15 {Timman,J-Short,N/El Escorial/1993/}) (10. Rc1 Nd7 11.
Kd2 Bb4 12. Bd3 Nb6 13. b3 a5 $10 {Cander,M-Kovacevic,P/Bled op/1992/}) (10.
Nge2 Bd6 11. g3 Nd7 12. Nf4 Bf5 13. Be2 O-O-O 14. Bh5 Be6 $10 {Sakharov-Karpov,
A/Moskva/1966/}) (10. h4 h5 11. g3 Bd6 12. Nge2 Nd7 13. Bh3 Nb6 14. O-O-O Nc4
15. Rde1 Kd8 16. Nf4 $14 {Drasko,M-Pedersen,H/Copenhagen op/1989/}) (10. Nf3
Nd7 11. Nh4 (11. Be2 Nb6 12. Nd2 Kd7 13. h4 h5 14. e4 dxe4 15. Ndxe4 Kc7 $15 {
Dao,T-Nielsen,PH/Budapest/1993/}) 11... Be7 12. g3 Nb6 13. f4 f5 14. Bd3 Bxh4
15. gxh4 Ke7 $10 {Van der Sterren,P-Piket,J/Amsterdam/1988/}) 10... Nd7 11. h4
(11. Bd3 a5 12. Nge2 (12. Nf3 Nb6 13. b3 Kd7 $13 {Ivanchuk,V-Short,N/Linares/
1992/}) 12... b5 13. f4 Bxd3 14. Kxd3 Rg8 15. Ng3 Nb6 16. b3 $13 {Southam,
T-Shirazi,K/New York op/1992/}) 11... Nb6 (11... h5 12. Bd3 $14) (11... O-O-O
12. h5 Bf5 13. Bd3 Bxd3 14. Kxd3 Rg8 15. g3 f5 16. Nf3 Nf6 17. Ne2 Re8 18. Nf4
Ne4 19. Rh2 Bh6 $10 {Dittmar,P-Schmidt,G/2.BLS/1991/}) 12. h5 Bf5 13. b3 {פb6}
(13. Bd3 $6 Nc4+ 14. Bxc4 dxc4 $15) 13... Rg8 (13... Nc8 14. Bd3 Be6 15. Nge2
Nd6 $13) 14. g3 (14. Nge2 $6 Bd6 {ץf1}) 14... Ba3 15. Bd3 Bxd3 16. Kxd3 Bb2 $1
(16... a5 $6 17. Nge2 a4 18. Rhb1 $16) 17. Re1 Bxc3 18. Kxc3 Nc8 $10 19. Ne2
Nd6 {><f5} 20. f3 {><e4} (20. Kd3 $5 Ne4 21. Rh2 {/\Nc3}) 20... Kd7 21. Kd3 {
/\e3-e4} (21. g4 f5 $15) 21... f5 {קf5/קg3,קh5} 22. Rh3 Nb5 {/\Nc7-e6, ><f4,
><g5} 23. Nf4 a5 24. a4 (24. Rg1 $6 a4 25. b4 a3 $15) 24... Nc7 {/\Rab8+b7-b5,
><g3,צh3} 25. Ke2 {/\Kf2 + Rhh1} Ne6 (25... Rab8 26. Nd3 $1) 26. Nd3 $6 {
/\Ne5+} (26. Nxe6 fxe6 27. Rg1 {/\g3-g4=}) 26... f6 27. Kf2 b6 (27... Rab8 28.
Rc1 b5 29. Rc3 $14 {/\Rhh1 + Rhc1}) 28. h6 {/\Rh5, ><f5} c5 $15 29. Rh5 (29.
dxc5 $2 bxc5 {/\Rab8 ><b3}) 29... Rg5 (29... cxd4 30. Rxf5 $16) 30. Rxg5 (30.
Reh1 {/\f3-f4} cxd4 $17) 30... fxg5 31. dxc5 (31. Rc1 Rc8 (31... cxd4 $6 32.
Ne5+ Kd6 33. exd4 Nxd4 34. Nf7+ Kd7 35. Nxg5 $14) 32. Rc2 $15 (32. g4 $6 cxd4
33. Rxc8 dxe3+ 34. Ke2 (34. Kxe3 f4+ $17) 34... Kxc8 35. gxf5 Nd4+ $17)) 31...
bxc5 32. e4 fxe4 33. fxe4 Rf8+ 34. Kg2 (34. Ke3 d4+ 35. Ke2 (35. Kd2 Kd6 $17 {
/\Rf3}) 35... Rb8 $17) 34... dxe4 (34... d4 $6 35. Ne5+ Kc7 36. Nc4 g4 (36...
Rb8 37. Nxa5 $16 {/\Rf1}) 37. Nxa5 Rf3 38. Rf1 Ng5 39. Rxf3 gxf3+ 40. Kf2 $16)
35. Rxe4 {/\Ne5-c4} Kd6 36. Nb2 Kd5 37. Re3 Rf6 {קh6,קb3 / קa5} (37... Nd4
38. Re7 $16) 38. Nc4 Rxh6 (38... Nd4 $6 39. Re5+ Kc6 40. Nxa5+) 39. Nxa5 Nd4
$17 {פa5} 40. Re7 Ra6 41. Nc4 Nxb3 $17 42. Ne3+ Kd4 43. Nf5+ Kd3 44. Rxh7 Rxa4
45. Rd7+ Nd4 46. Kh3 {/\Kg4xg5} Ke4 47. Nd6+ Ke5 {/\48..Ke6 49.Rd8 Nc6 -+} 48.
Nf7+ Ke6 49. Rb7 Nf3 {/\g5-g4+} (49... Kf6 {/\Nf5 + g5-g4} 50. Nd6 g4+ 51. Kh4
Nf5+ (51... Nf3+ 52. Kh5 Ne5 {/\Rh1} 53. Rb6 $132) 52. Nxf5 Kxf5 53. Rf7+ Ke6
54. Rg7 $10) 50. g4 Ra3 $6 (50... Rd4 $1 {פf7} 51. Kg3 (51. Kg2 $2 Rxg4+ 52.
Kxf3 Rf4+ 53. Ke3 Rxf7 $19) (51. Nh6 Rd3 52. Kg2 c4 $17) (51. Rc7 Rd7 $1 $8 52.
Rxd7 Kxd7 53. Kg3 Ke7 54. Nh6 Nd4 $19) 51... Rd3 (51... c4 52. Kxf3 Rf4+ 53.
Ke3 Rxf7 54. Rb6+ (54. Rxf7 $4 Kxf7 55. Kd4 Ke6 56. Kxc4 Ke5 $19) 54... Kd5 55.
Rb5+ $10) 52. Nd8+ (52. Kf2 c4 53. Nh6 (53. Nd8+ Rxd8 54. Kxf3 Rc8 55. Ke2 (55.
Rb6+ Kd5 56. Rg6 (56. Rb5+ Rc5) 56... c3 57. Rxg5+ Kd4 $19) (55. Ke4 c3 56.
Rb6+ Kd7 57. Rb7+ Rc7 58. Rb1 (58. Rxc7+ Kxc7 59. Kd3 Kd6 60. Kxc3 Ke5 $19)
58... c2 59. Rc1 Ke6 60. Kd4 Kd6 61. Ke4 Rc4+ 62. Kd3 Kd5 $19) 55... c3 56. Kd1
Rc4 $19) 53... Nd4 $19) 52... Rxd8 $5 (52... Ke5 $17) 53. Kxf3 Rd3+ $1 (53...
c4 54. Rc7 Rd4 55. Rc5 $10) (53... Rc8 54. Rb6+ $1 (54. Ke3 c4 55. Kd2 c3+ 56.
Kc2 Rc4 $19) 54... Kf7 (54... Ke5 55. Rg6 c4 56. Rxg5+ Kd4 57. Ke2 $10) 55.
Rb7+ Kg8 56. Ke4 c4 57. Rb5 $10) (53... Rf8+ 54. Kg3 (54. Ke3 Rf4 $19) 54...
Rc8 55. Rb6+ Ke5 56. Rg6 c4 57. Rxg5+ Kd4 58. Rg7 c3 59. Rd7+ Kc4 60. Rd1 c2
61. Rc1 Kd3 62. Kf4 Kd2 63. Ra1 c1=Q 64. Rxc1 Rxc1 65. g5 $10) 54. Kf2 (54. Ke2
$2 Rg3 $19) 54... Ke5 55. Rf7 (55. Rb5 Kd4 (55... Rd5 56. Ke3 c4 57. Rb8 Rd3+
58. Ke2 (58. Kf2 Rd4 59. Kg3 Ke4 $19) 58... Rd4 59. Kf3 Rf4+ 60. Kg3 c3 $19)
56. Ra5 Rd2+ 57. Kf3 c4 58. Rxg5 c3 59. Rg8 c2 60. Rd8+ Kc3 61. Rc8+ Kb2 62.
Rb8+ $10) 55... Ke4 56. Ke2 (56. Rf5 Rd5) 56... Rd5 57. Rf8 c4 58. Rc8 Rd4 $1 {
/\Kf4} (58... Kd4 59. Kd2 $10) 59. Rf8 c3 60. Re8+ (60. Rc8 Rd2+ 61. Ke1 Kd3
$19) 60... Kf4 61. Rc8 Kxg4 (61... Rd2+ 62. Ke1 Rd3 63. Ke2 Rh3 (63... Re3+ 64.
Kf2) 64. Rc4+ Kg3 65. Rxc3+ Kxg4 66. Rc5 $10) 62. Rxc3 Rf4 63. Rc1 Kh3 $19) 51.
Kg2 Nh4+ (51... Rd3 52. Nd8+ Rxd8 53. Kxf3 Rd4 54. Rg7 Kf6 55. Rc7 $10) 52. Kh2
Nf3+ 53. Kg2 Kd5 54. Rc7 c4 55. Kf2 $22 Nd4 56. Rd7+ Kc5 57. Nxg5 $10 c3 58.
Ne4+ Kc4 59. Rc7+ Kd3 60. Rxc3+ Rxc3 1/2-1/2

[Event "Hoogovens"]
[Site "Wijk aan Zee"]
[Date "1996.01.23"]
[Round "9"]
[White "Dreev, Alexey"]
[Black "Sokolov, Ivan"]
[Result "1/2-1/2"]
[WhiteElo "2670"]
[BlackElo "2665"]
[Annotator "Hansen,Cu"]
[PlyCount "138"]
[EventDate "1996.01.13"]
[EventType "tourn"]
[EventRounds "13"]
[EventCountry "NED"]
[EventCategory "17"]
[SourceTitle "CBM 051"]
[Source "ChessBase"]
[SourceDate "1996.04.01"]
[SourceVersion "1"]
[SourceVersionDate "1996.04.01"]
[SourceQuality "1"]

1. d4 Nf6 2. c4 e6 3. Nf3 d5 4. Nc3 Nbd7 5. cxd5 exd5 6. Qc2 {This is a normal
move in the exchange-variantion of the Queens Gambit. However in this exact
position it is not so logical. Black did not have the possibility to play
Bc8-f5 so Bf4/Bg5 seemed more natural.} Nb6 7. Bg5 Bg4 8. Ne5 Bh5 9. e3 Bg6 10.
Qb3 c6 {Black has developed the white-squared bishop and has keept control
over the vital centersquares.} 11. a4 $5 {[%cal Ra4a5,Rb3b7] /\a4-a5 + Qb3xb7.
The only chance to create problems for black} a5 {[%csl Rb4] >< b4} 12. Bxf6
gxf6 13. Nd3 $14 {[%csl Rf4,Rf5] White has succeded in weakening black
kingside-formation. The doubled f-pawn is not too important, but if white can
occupy square f5 with a piece he will be clearly better.} Rb8 14. Be2 Bd6 15.
O-O Nc4 {[%cal Rc4d2] /\Nc4-d2} 16. Rfd1 (16. Rad1 $5) 16... Qb6 17. Qa2 Qc7
18. b3 Nb6 (18... Bxh2+ 19. Kh1 Nb6 20. g3 Bxg3 21. fxg3 Qxg3 22. Bf1 $16) 19.
g3 O-O 20. Bf3 Qe7 21. Ne2 {[%cal Ye2f4]} Na8 {[%csl Rf4][%cal Ya8c7,Yc7e6] /
\Sa8-c7-e6 ><f4} 22. Nef4 Nc7 23. Qd2 {[%cal Rd2a5]} Ra8 24. Ng2 {[%csl Rf5]
[%cal Rg2h4,Rh4f5] /\Ng2-h4 ><f5} Ne6 25. Nh4 Ng5 26. Bg2 Rfe8 27. Qe2 Ra6 {
[%csl Rb3][%cal Ra6b6,Rb6b3] Black would like to create some counterplay on
the queenside. Either by Ta6-b6 or maybe even b5-b5} 28. f4 $6 {[%csl Re3,Re4]
A very double-edged move. White had a perfectly sound and slightly better
position. With the textmove he wants to take vital squares avay from blacks
minor-pieces. But e3 becomes weak and so does squares e4.} Ne6 {[%cal Re6d4] /
\Ne6xd4} 29. Qd2 Ng7 $1 $132 {Black has found a very good squares for his
knight. The threat f4-f5 is neutralised, and white no longer has the good
squares f4 for his pieces. On the contrary: blacks now controls e4.} 30. Re1
Bb4 31. Nxb4 Qxb4 32. Qxb4 axb4 33. Rac1 Ra5 34. Kf2 Nf5 35. Nxf5 Bxf5 {
The position is dynamically equal. Whites pawnstructure is better, but black
has the slightly better piece-play} 36. Bf3 Kf8 37. g4 Be4 38. Bxe4 Rxe4 39.
Ke2 Ke7 {[%cal Ye7d6,Yb7b6,Yc6c5]} 40. Rg1 {[%csl Rh7][%cal Yg1g3,Yg3h3,Yh3h6]
Both players have a clear plan. Black wants to make use of his
queenside-majority by playing Ke7-d6, b7-b6 and c6-c5. White wants to attack
blacks weak h-pawn with Rg1-g3-h3} Kd6 41. Rg3 Ra8 42. Rh3 Rae8 {[%cal Re4f4,
Re4d4] /\Rxf4/Rxd4} 43. Kd2 b6 44. Re1 c5 45. dxc5+ bxc5 46. Rxh7 c4 47. bxc4 (
47. Rxf7 c3+ 48. Kd3 d4 $132) 47... dxc4 48. Rxf7 Kc5 49. g5 (49. Rxf6 b3 {
[%cal Yc5b4,Yc4c3] /\Kb4 + c4-c3}) 49... Rd8+ 50. Ke2 fxg5 51. fxg5 b3 52. Rb7
Rh4 $15 {Blacks is the one playing for the win even though he is two  pawns
down. His connected passed-pawns are far more dangerous than whites split
pawns.} 53. Rb5+ $1 {Blacks king most be forced back so that it cannot support
the pawns.} Kc6 54. g6 Rxh2+ 55. Kf3 Rf8+ 56. Ke4 b2 57. g7 Rg8 58. Rg1 Rh4+
59. Ke5 c3 60. Rb3 Rc4 61. Kf6 c2 62. Rxb2 c1=Q 63. Rxc1 Rxc1 64. Rg2 (64. Kf7
Ra8 65. Rf2 (65. g8=Q $2 Rf1+ $19) 65... Rg1 {[%cal Ra8a7] /\Ra7+}) 64... Kd5
65. Kf7 Rcc8 66. Kg6 Ke4 67. Kh7 Kxe3 68. a5 Ra8 69. a6 Rxg7+ 1/2-1/2

[Event "FIDE World Cup"]
[Site "Baku"]
[Date "2015.09.14"]
[Round "2.1"]
[White "Ding, Liren"]
[Black "Inarkiev, Ernesto"]
[Result "1-0"]
[WhiteElo "2782"]
[BlackElo "2660"]
[Annotator "Havasi,G"]
[PlyCount "77"]
[EventDate "2015.09.11"]
[EventType "k.o."]
[EventRounds "7"]
[EventCountry "AZE"]
[SourceTitle "CBM 169"]
[Source "ChessBase"]
[SourceDate "2015.11.10"]
[SourceVersion "1"]
[SourceVersionDate "2015.11.10"]
[SourceQuality "1"]

1. c4 e6 2. Nc3 d5 3. d4 Nf6 4. cxd5 exd5 5. Bg5 c6 6. e3 Be7 7. Bd3 Nbd7 8.
Nge2 Nh5 9. Bxe7 Qxe7 10. Qd2 $5 {A rare move.} (10. Qc2) (10. O-O) (10. g4 {
are the main moves}) 10... Nb6 (10... g6 11. f3 Ndf6 12. O-O-O Be6 13. g4 Ng7
14. h4 (14. g5 Nd7 15. e4 {0-1 (62) Obsivac,J (2335)-Modr,B (2350) Czechia 1995
}) 14... h5 15. g5 Nd7 16. e4 $14 {1-0 (63) Wehmeier,S (2394)-Kalka,A (2407)
Germany 2006}) 11. f3 g6 (11... O-O 12. O-O {is better for White, because
e3-e4 will come and White is very strong in the centre.}) 12. O-O O-O 13. Rae1
(13. e4 Be6 14. Rae1 {transposes.}) 13... Be6 14. e4 dxe4 (14... Ng7 {is a
better chance, it's hard to find any convincing move for White.}) 15. fxe4 Rad8
16. b3 $146 (16. h3 $1 {was the exact move to avoid ...Bg4:} Nc4 17. Qc1 Qb4
18. b3 Ne5 19. Bb1 $36 {1/2 (55) Gutman,L (2530)-Andersson,U (2600) Wijk aan
Zee 1987}) 16... Bg4 17. Qe3 $6 (17. Bb1 Rd7 18. h3 Bxe2 19. Nxe2 Ng7 $132)
17... f6 $6 (17... f5 $1 $132) 18. a4 $1 (18. Nf4 $5 Qb4 $13) 18... Qb4 19. Bc2
Bxe2 $6 (19... Rfe8 $13 {was better, keeping the tension.}) 20. Nxe2 Ng7 21.
Rd1 $14 Qe7 $6 (21... f5 22. a5 Qxa5 23. exf5 gxf5 24. Qg5 $36) 22. Qc3 $1 $36
{White has a serious advantage.} a6 23. Nf4 Kh8 24. Qh3 Qf7 25. Rd3 $1 {
With the plan of Qh6 and Rh3.} Nc8 (25... g5 26. Ne2 $16) 26. b4 $1 g5 27. Bb3
Qe8 28. Qh6 $1 (28. Ne6 $1 Nxe6 29. Bxe6 $16) 28... Qxe4 29. Rh3 $18 Ne7 (29...
gxf4) 30. Bc2 Qxc2 31. Nd3 Kg8 32. Qxh7+ Kf7 33. Ne5+ Ke6 34. Qxc2 fxe5 35.
Rh6+ Kd7 36. Rxf8 Rxf8 37. dxe5 Ne6 38. Rf6 Re8 39. Qh7 1-0

[Event "CHN-ch"]
[Site "Xinghua"]
[Date "2017.05.03"]
[Round "10"]
[White "Zhou, Jianchao"]
[Black "Wang, Chen"]
[Result "1/2-1/2"]
[WhiteElo "2613"]
[BlackElo "2505"]
[Annotator "Havasi,G"]
[PlyCount "101"]
[EventDate "2017.04.23"]
[EventType "tourn"]
[EventRounds "11"]
[EventCountry "CHN"]
[EventCategory "12"]
[SourceTitle "CBM 179"]
[Source "ChessBase"]
[SourceDate "2017.07.12"]
[SourceVersion "1"]
[SourceVersionDate "2017.07.12"]
[SourceQuality "1"]

1. d4 Nf6 2. c4 e6 3. Nc3 d5 4. cxd5 exd5 5. Bg5 c6 6. e3 Bf5 7. Qf3 Bg6 8.
Bxf6 Qxf6 9. Qxf6 gxf6 10. Nf3 {In this position, White has two different
plans. The first is the h4 plan, where he wants to play h5 and Nge2. The
second is Nf3-h4.} (10. h4 {is the other line} h5 (10... Nd7 11. h5 Bf5 12.
Nge2 h6 (12... Bd6 13. f4 h6 14. Ng3 Bh7 15. Rd1 Nb6 16. a3 Kd7 17. Kf2 f5 18.
Bd3 Ke6 19. Rc1 a5 20. Nf1 a4 21. Nd2 Nd7 22. Bc2 b5 $13 {1/2 (51) Nakamura,H 
(2787)-Naiditsch,A (2709) Tromso 2014}) 13. Nf4 a5 14. f3 Bd6 15. Kf2 a4 16. a3
Nb6 17. Rc1 Ke7 18. Be2 Ra5 19. Rhe1 Bd7 20. Bd3 f5 21. g3 Kd8 22. Nce2 {
1/2 (22) Vitiugov,N (2738)-Ponomariov,R (2711) Czechia 2015}) 11. Kd2 Nd7 12.
Bd3 Bd6 13. Nge2 Kf8 14. g3 Bxd3 15. Kxd3 f5 16. Nf4 Nf6 $11 {1/2 (31)
Naroditsky,D (2633)-Hammer,J (2651) Reykjavik 2015}) 10... Nd7 11. Nh4 Be7 12.
g3 Nb6 13. f4 (13. O-O-O {was played by Ding Liren} Nc8 14. Bd3 Nd6 15. Kc2 Kd7
16. f3 Bxd3+ 17. Kxd3 f5 18. Ng2 h5 $13 {1/2 (41) Ding,L (2730)-Kramnik,V 
(2760) Moscow 2014}) (13. Bh3 {intended to prevent ...f5} Nc4 14. O-O-O a5 15.
Bf5 a4 16. g4 Rg8 17. h3 b5 18. Ne2 $13 {1/2 (59) Navara,D (2656)-Short,N 
(2683) Prague 2007}) 13... f5 14. Bd3 Bxh4 15. gxh4 Ke7 {Basically nothing new
has happened in the game so far, but White improves on an old game in this
position and plays for the minority attack immediately.} 16. b4 $146 (16. Ne2
Ke6 17. Ng3 h6 18. b4 a6 19. Kd2 Nc8 20. a4 Nd6 21. h5 Bh7 22. Rhc1 Rhg8 $13 {
1/2 (62) Van der Sterren,P (2475)-Piket,J (2495) Amsterdam 1988}) 16... a6 {
It is usually good to prevent b5 and make White lose a tempo to play for b5
with a4.} 17. Kf2 Nc8 {A good strategic move, the knight has a very good place
on d6, from where it controls c4, b5, e4 squares and protects the f5-pawn.} 18.
a4 (18. Na4 {is another to first put the N to c5} Nd6 19. Nc5 {, but it will
be more difficult to get b5.}) 18... Nd6 19. b5 axb5 20. axb5 f6 (20... Bh5 {
is also possible, it being natural to move the B to a more active place.}) 21.
Rhb1 Rhb8 {Both players have their pieces in their best positions, so now
White should find a plan.} 22. Ra4 Rxa4 (22... Be8 {is also possible, pushing
the b5-pawn.}) 23. Nxa4 Ra8 (23... cxb5 {is also possible, despite the fact,
that it weakens the structure; on the other hand it makes a passed b-pawn.} 24.
Nc3 Bf7 25. Nxb5 Ne4+ 26. Bxe4 fxe4 $11 {This hard-to evaluate position is
equal according to the computer.} 27. Nc7 b6 28. Na6 Rb7 29. Nc5 {.}) 24. bxc6
bxc6 25. Rb4 Be8 (25... Bh5 {also makes sense, as the bishop can be useful if
the rook manages to get into White's position.}) 26. Kg3 Ra7 27. Nc5 Ra3 {
This seems to be just a simple draw and it is true, that it is difficult to
make progress. White should try exchanging the Rs, as Black's R is worth more,
because it is more active.} 28. Ra4 Rxa4 29. Nxa4 Bd7 30. Kf2 Nb7 31. Ba6 Nd6
32. Ke1 Bc8 33. Bd3 Nf7 34. Kd2 Nh6 35. h3 Kd6 36. Kc3 Ng8 (36... Nf7 {
followed by Kc7 is also possible from where it protects the c6-pawn} 37. Kb4
Kc7 $11) 37. Kb4 Ne7 {The N on e7 is protecting the pawns very well, but it
might be passive here, as we can see, that it can't move.} 38. h5 h6 39. Ka5 (
39. Nc5 {manages to win a pawn, but that is not going to be enough to win} Bd7
40. Nxd7 Kxd7 41. Kc5 Kc7 42. Bc2 Nc8 43. Bxf5 Nd6 44. Bd3 Nb7+ 45. Kb4 Nd6 $1
{just in time to prevent e4. It just equalises, because whenever the K goes to
c5, it can give check on b7 and then go back to d6.}) 39... Kc7 40. Nc5 Ng8 41.
Nb3 Ne7 42. Nd2 Bd7 43. Nb3 Be8 44. Be2 Nc8 45. Nc5 Bf7 46. Na6+ Kb7 47. Nc5+
Kc7 48. Na6+ Kb7 49. Kb4 Nd6 50. Nc5+ Kc7 51. Ka5 1/2-1/2

[Event "Olympiad-31"]
[Site "Moscow"]
[Date "1994.12.09"]
[Round "8.2"]
[White "Georgiev, Kiril"]
[Black "Piket, Jeroen"]
[Result "1-0"]
[WhiteElo "2615"]
[BlackElo "2640"]
[Annotator "Hecht,H"]
[PlyCount "151"]
[EventDate "1994.12.01"]
[EventType "team-swiss"]
[EventRounds "14"]
[EventCountry "RUS"]
[SourceTitle "CBM 045"]
[Source "ChessBase"]
[SourceDate "1995.04.01"]
[SourceVersion "1"]
[SourceVersionDate "1995.04.01"]
[SourceQuality "1"]
[WhiteTeam "Bulgaria"]
[BlackTeam "Netherlands"]
[WhiteTeamCountry "BUL"]
[BlackTeamCountry "NED"]

1. d4 Nf6 2. c4 e6 3. Nf3 d5 4. Nc3 Nbd7 5. cxd5 exd5 6. Bf4 c6 7. Qc2 Nb6 8.
e3 Bg4 9. Ne5 Bh5 10. h3 Bg6 11. Qb3 a5 12. a3 a4 13. Qd1 Ne4 14. Be2 Bd6 15.
Nxg6 hxg6 16. Nxe4 dxe4 17. Qc2 f5 18. Bxd6 Qxd6 19. b3 Nd5 20. bxa4 g5 21. Bc4
g6 22. Rb1 Rh7 23. Qb3 f4 24. Bxd5 Qxd5 25. Qxd5 cxd5 26. Rb5 Rxa4 27. Rxd5
Rxa3 28. O-O fxe3 29. fxe3 Rxe3 30. Rxg5 Rd3 31. Rxg6 Rxd4 32. Rg8+ $16 {
The connected pawns give white the advantage.} Kd7 33. Rb1 Kc7 34. Re8 Rg7 (
34... Rhd7 $5 35. Kf2 (35. Kh2 Rd8 36. Re7+ R8d7 37. Rxd7+ Rxd7 38. g4 $13 {
Analyse!}) (35. Re1 b5 36. R1xe4 Rxe4 37. Rxe4 Kc6 $132) 35... Rd2+ $10) 35.
Rb2 b5 36. Kf2 Rc4 $2 (36... b4 $1 37. Ke3 (37. g4 Rh7 38. Rb3 Rd2+ $132) 37...
Rd3+ 38. Kxe4 Rdg3 39. Rxb4 Rxg2 $14) 37. Re5 b4 38. Rb5 e3+ 39. Kxe3 Re7+ 40.
Kd3 Ree4 41. Rc5+ Rxc5 42. Kxe4 Rb5 43. Kd4 Kd6 44. Kc4 Rg5 45. g4 Re5 46. Rb3
(46. Rxb4 Re4+ 47. Kb5 Re5+ 48. Kb6 Re3 49. h4 $18) 46... Re4+ 47. Kb5 Ke5 48.
Kc5 Re2 49. Rxb4 $18 {White demonstates a good winning technic.} Rh2 50. Rb3
Rc2+ 51. Kb4 Kf4 52. Rc3 Rb2+ 53. Kc4 Kg5 54. Rb3 Rc2+ 55. Kd3 Rc5 56. Rb8 Ra5
57. Rg8+ Kh4 58. Rh8+ Kg3 59. Ke4 Rb5 60. Rh5 Rb4+ 61. Ke5 Rb5+ 62. Kd6 Rb6+
63. Kc7 Rg6 (63... Rb1 64. g5 $18) 64. Kd7 Ra6 65. Rh8 Kf4 66. Ke7 Kg5 67. Rh5+
Kg6 68. Rd5 Ra7+ 69. Ke6 Rh7 70. Rd3 Kg5 71. Rf3 Rh6+ (71... Kh4 72. Kf6 Rh6+
73. Kg7 Rg6+ 74. Kf7 Ra6 75. Rf6 Ra7+ 76. Kg6 Kxh3 77. g5 Kg4 78. Kh6 $18) 72.
Kf7 Rh7+ 73. Kg8 Rh6 74. Kg7 Rg6+ 75. Kf7 Kh4 76. Rf6 1-0

[Event "GRE-ch 48th"]
[Site "Athens"]
[Date "1998.12.19"]
[Round "7"]
[White "Mastrovasilis, Athanasios"]
[Black "Skembris, Spyridon"]
[Result "0-1"]
[WhiteElo "2315"]
[BlackElo "2480"]
[Annotator "Hecht,H"]
[PlyCount "125"]
[EventDate "1998.12.08"]
[EventType "tourn"]
[EventRounds "11"]
[EventCountry "GRE"]
[EventCategory "7"]
[SourceTitle "CBM 069"]
[Source "ChessBase"]
[SourceDate "1999.04.01"]
[SourceVersion "1"]
[SourceVersionDate "1999.04.01"]
[SourceQuality "1"]

1. d4 Nf6 2. c4 e6 3. Nc3 d5 4. cxd5 exd5 5. Bg5 c6 6. e3 Nbd7 7. Bd3 Bd6 8.
Nge2 Nf8 9. Bf4 Ne6 10. Bg3 h5 11. h4 g6 12. Qc2 Ng7 13. O-O-O Bf5 14. Bxd6
Qxd6 15. Nf4 O-O 16. Bxf5 Nxf5 17. Kb1 Rfe8 18. Nd3 Ng4 19. Rd2 Re7 20. Qa4 Qf6
21. g3 Nd6 22. Nf4 a5 23. Qc2 Nc4 24. Re2 Qd6 25. Ka1 Rae8 26. Rhe1 b5 27. Qd3
a4 28. e4 a3 29. b3 dxe4 30. Nxe4 Qb4 31. f3 Nf2 32. Qc3 Qxc3+ 33. Nxc3 Rxe2
34. Rxe2 Rxe2 35. Nfxe2 {[#] "Ohne König kann man kein Endspiel führen" Weiß
kann aufgrund seines Raumnachteils und der zahlreichen Bauernschwächen den
König nicht aktivieren, während Schwarz langsam aber sicher seinen König
besser stellt und am Königsflügel Fortschritte macht.} Ne3 36. Kb1 Nd3 37. Ne4
(37. Nc1 Ne1 38. f4 Kg7 $19 {[%cal Yg7f6,Yf6f5,Yf5g4]}) 37... Kf8 38. Nc5 Nb4
39. Nf4 Nf5 40. Ne2 Ke7 41. Ne4 Ne3 42. Nf4 Nf5 43. Ne2 f6 44. Nf2 Kf7 45. Ne4
Ne3 46. Nf4 f5 47. Nc3 (47. Ng5+ $5 Kf6 48. Ne2 Nf1 49. Nh7+ Ke7 50. Ng5 Kd6
$17 {[#] mit für Schwarz günstigen Verwicklungen wie z.B.} 51. Nf7+ Kd5 52. Ne5
c5 53. Nxg6 cxd4 54. Ngf4+ Ke5 55. Nxh5 d3 56. Nc3 d2 57. Nd1 Kd4 $19 {[%cal
Rf1e3]}) 47... Nf1 48. Kc1 Nxg3 49. Kd2 Kf6 50. Nh3 f4 $1 51. Nxf4 Nf5 52. d5
cxd5 53. Nxb5 Nxh4 54. Ke2 Nxa2 55. Nxa3 Nc1+ 56. Ke3 Ke5 57. Ne2 Nf5+ 58. Kf2
Nxe2 59. Kxe2 Nd4+ 60. Ke3 Nxb3 61. Nc2 d4+ 62. Kd3 h4 63. Ne1 0-1